LEADER 01021nam0-2200349---450- 001 990009369910403321 005 20110531094445.0 010 $a978-88-464-9271-5 035 $a000936991 035 $aFED01000936991 035 $a(Aleph)000936991FED01 035 $a000936991 100 $a20110531d2008----km-y0itay50------ba 101 0 $aita 102 $aIT 105 $a--------001yy 200 1 $aMisurare il software$equantità, qualità, standard e miglioramento di processo nell'information & communication technology$fLuigi Buglione 205 $a3 ed. 210 $aMilano$cAngeli$d2008 215 $a380 p.$c23 cm 225 1 $aInformatica & organizzazioni$v20 610 0 $aInformatica 676 $a004.24$vita$z22 700 1$aBuglione,$bLuigi$0352323 801 0$aIT$bUNINA$gRICA$2UNIMARC 901 $aBK 912 $a990009369910403321 952 $a004.24-BUG-2$b6750$fSC1 952 $a004.24-BUG-2A$b6751$fSC1 959 $aSC1 996 $aMisurare il software$9104487 997 $aUNINA LEADER 01067nam0-22002771i-450 001 990007532250403321 005 20250416124201.0 035 $a000753225 100 $a20030814d1992----km-y0itay50------ba 101 0 $aita 102 $aIT 105 $aa-------001yy 200 1 $a<>media valle del Tevere, L'Armerino e l'Orvietano$esub regioni con prevalenza di grandi proprietà terriere, evoluzione dei tipi di conduzione agraria e loro riflessi sul paesaggio rurale$fGiovanni de Santis, M. E. Sacchi De Angelis 210 $aPerugia$cUniversità$d1992 215 $a[34] p.$cill.$d23 cm 300 $aEstr. da: Quaderni dell'Istituto Policattedra di Geografia, n. 14, 1992 610 0 $aUmbia$aPaesaggio rurale 700 1$aDe Santis,$bGiovanni$f<1949- >$0238733 701 1$aSacchi De Angelis,$bMaria Enrica$0269674 801 0$aIT$bUNINA$gRICA$2UNIMARC 901 $aLG 912 $a990007532250403321 952 $aMisc.D 0150$bI.G. s.i.$fILFGE 959 $aILFGE 996 $aMedia valle del Tevere, L'Armerino e l'Orvietano$9683577 997 $aUNINA